Tony Hawk's Pro Skater 1-4 Characters - Statistics

General Stats
  • This quiz has been taken 232 times
  • The average score is 9 of 15
Answer Stats
# Answer % Correct
1 Tony Hawk
100%
2 Bob Burnquist
83%
9 Rodney Mullen
76%
8 Bam Margera
66%
10 Chad Muska
65%
13 Elissa Steamer
60%
4 Kareem Campbell
57%
6 Eric Koston
54%
12 Geoff Rowley
52%
11 Andrew Reynolds
50%
14 Jamie Thomas
49%
7 Bucky Lasek
46%
3 Steve Caballero
46%
5 Rune Glifberg
40%
15 Mike Vallely
32%
No matching quizzes found
Score Distribution
Percent of People with Each Score
Percentile by Number Answered
Your Score History
You have not taken this quiz